Slovensko v globálnom rebríčku konkurencieschopnosti

Sledovanie kvality podnikateľského prostredia na Slovensku a poukazujúce fakty, ktoré patria k rozhodujúcim oblastiam, determinujúcim podnikateľské zámery a rozhodnutia v praxi.

Guardado en:
Detalles Bibliográficos
Autor principal: Hrašková, Dagmar
Otros Autores: Chodasová, Zuzana
Formato: Capítulo de libro
Lenguaje:eslovaco
Materias:
Etiquetas: Agregar Etiqueta
Sin Etiquetas, Sea el primero en etiquetar este registro!

MARC

LEADER 00000nla a2200000 4500
001 0161158
005 20220330080158.5
041 0 |a slo 
044 |a SK 
245 1 0 |a Slovensko v globálnom rebríčku konkurencieschopnosti  |c Dagmar Hrašková, Zuzana Chodasová 
520 |a Sledovanie kvality podnikateľského prostredia na Slovensku a poukazujúce fakty, ktoré patria k rozhodujúcim oblastiam, determinujúcim podnikateľské zámery a rozhodnutia v praxi. 
610 2 0 |a Slovensko 
610 2 0 |a politika podnikania 
610 2 0 |a prostredie podnikateľské 
610 2 0 |a stratégia podnikateľská 
610 2 0 |a zámery podnikateľské 
610 2 0 |a konkurencieschopnosť 
100 1 |a Hrašková, Dagmar 
700 1 |a Chodasová, Zuzana